[Event "POHÁR města Říčany 2023"]
[Site "Městské kulturní středisko U labutě"]
[Date "2023.09.02"]
[Round "9.1"]
[White "Horak, Martin"]
[Black "Skypala, Ondrej"]
[Result "1-0"]
[WhiteFideId "367095"]
[BlackFideId "366285"]
[WhiteElo "2302"]
[BlackElo "2132"]
[PlyCount "0"]
[EventDate "2023.08.26"]

1. e4 {[%clk 01:30:20]} {[%emt 00:00:39]} e6 {[%clk 01:30:54]} {[%emt
00:00:07]} 2. d4 {[%clk 01:30:46]} {[%emt 00:00:04]} d5 {[%clk 01:31:20]}
{[%emt 00:00:04]} 3. Nc3 {[%clk 01:30:58]} {[%emt 00:00:18]} Nf6 {[%clk
01:31:43]} {[%emt 00:00:06]} 4. Bg5 {[%clk 01:30:52]} {[%emt 00:00:35]} Be7
{[%clk 01:32:07]} {[%emt 00:00:06]} 5. exd5 {[%clk 01:31:02]} {[%emt 00:00:21]}
exd5 {[%clk 01:32:23]} {[%emt 00:00:14]} 6. Qd2 {[%clk 01:31:27]} {[%emt
00:00:05]} Bf5 {[%clk 01:30:19]} {[%emt 00:02:34]} 7. O-O-O {[%clk 01:31:25]}
{[%emt 00:00:32]} h6 {[%clk 01:28:05]} {[%emt 00:02:45]} 8. Bh4 {[%clk
01:30:10]} {[%emt 00:01:45]} c6 {[%clk 01:27:03]} {[%emt 00:01:32]} 9. f3
{[%clk 01:28:23]} {[%emt 00:02:17]} Nbd7 {[%clk 01:26:52]} {[%emt 00:00:41]} 10.
g4 {[%clk 01:28:15]} {[%emt 00:00:37]} Be6 {[%clk 01:26:11]} {[%emt 00:01:12]}
11. Nge2 {[%clk 01:16:43]} {[%emt 00:12:02]} g5 {[%clk 01:22:18]} {[%emt
00:04:23]} 12. Bf2 {[%clk 01:12:39]} {[%emt 00:04:33]} h5 {[%clk 01:21:35]}
{[%emt 00:01:14]} 13. gxh5 {[%clk 01:10:40]} {[%emt 00:02:29]} Nxh5 {[%clk
01:21:37]} {[%emt 00:00:28]} 14. Ng3 {[%clk 01:06:20]} {[%emt 00:04:50]} Nf4
{[%clk 01:17:38]} {[%emt 00:04:29]} 15. Be3 {[%clk 01:05:33]} {[%emt 00:01:17]}
Rh4 {[%clk 01:15:09]} {[%emt 00:02:58]} 16. Bd3 {[%clk 01:00:00]} {[%emt
00:06:02]} Nxd3+ {[%clk 01:13:14]} {[%emt 00:02:25]} 17. Qxd3 {[%clk 01:00:25]}
{[%emt 00:00:06]} Nf8 {[%clk 01:13:00]} {[%emt 00:00:44]} 18. Nf5 {[%clk
00:57:20]} {[%emt 00:03:36]} Bxf5 {[%clk 01:10:14]} {[%emt 00:03:16]} 19. Qxf5
{[%clk 00:57:44]} {[%emt 00:00:05]} Qd7 {[%clk 01:10:37]} {[%emt 00:00:06]} 20.
Qxd7+ {[%clk 00:50:01]} {[%emt 00:08:14]} Kxd7 {[%clk 01:10:21]} {[%emt
00:00:46]} 21. Bf2 {[%clk 00:49:53]} {[%emt 00:00:38]} Rh3 {[%clk 01:09:34]}
{[%emt 00:01:17]} 22. Bg3 {[%clk 00:49:36]} {[%emt 00:00:47]} Ne6 {[%clk
01:05:20]} {[%emt 00:04:44]} 23. Ne2 {[%clk 00:49:26]} {[%emt 00:00:40]} Rah8
{[%clk 01:02:05]} {[%emt 00:03:44]} 24. Rhf1 {[%clk 00:46:19]} {[%emt
00:03:37]} f5 {[%clk 00:59:38]} {[%emt 00:02:58]} 25. Be5 {[%clk 00:46:16]}
{[%emt 00:00:34]} R8h7 {[%clk 00:58:14]} {[%emt 00:01:54]} 26. f4 {[%clk
00:43:20]} {[%emt 00:03:26]} Rxh2 {[%clk 00:56:49]} {[%emt 00:01:55]} 27. Ng3
{[%clk 00:41:00]} {[%emt 00:02:50]} Rf7 {[%clk 00:53:37]} {[%emt 00:03:41]} 28.
Kb1 {[%clk 00:39:30]} {[%emt 00:01:59]} g4 {[%clk 00:49:00]} {[%emt 00:05:09]}
29. Rh1 {[%clk 00:37:49]} {[%emt 00:02:11]} Rxh1 {[%clk 00:47:30]} {[%emt
00:02:00]} 30. Rxh1 {[%clk 00:38:13]} {[%emt 00:00:06]} Bd6 {[%clk 00:47:47]}
{[%emt 00:00:13]} 31. Ne2 {[%clk 00:37:12]} {[%emt 00:01:31]} Bxe5 {[%clk
00:40:56]} {[%emt 00:07:22]} 32. dxe5 {[%clk 00:37:36]} {[%emt 00:00:05]} d4
{[%clk 00:40:47]} {[%emt 00:00:39]} 33. c3 {[%clk 00:32:57]} {[%emt 00:05:08]}
d3 {[%clk 00:35:22]} {[%emt 00:05:56]} 34. Rd1 {[%clk 00:32:09]} {[%emt
00:01:17]} Ke7 {[%clk 00:35:15]} {[%emt 00:00:37]} 35. Rxd3 {[%clk 00:32:12]}
{[%emt 00:00:27]} Rh7 {[%clk 00:35:40]} {[%emt 00:00:04]} 36. Rd6 {[%clk
00:26:22]} {[%emt 00:06:19]} Rh3 {[%clk 00:28:55]} {[%emt 00:07:16]} 37. Kc1
{[%clk 00:23:53]} {[%emt 00:02:59]} Rf3 {[%clk 00:27:03]} {[%emt 00:02:22]} 38.
Rxe6+ {[%clk 00:23:53]} {[%emt 00:00:31]} 1-0

[Event "POHÁR města Říčany 2023"]
[Site "Městské kulturní středisko U labutě"]
[Date "2023.09.02"]
[Round "9.2"]
[White "Soucek, Petr"]
[Black "Neuman, Petr"]
[Result "1/2-1/2"]
[WhiteFideId "23715170"]
[BlackFideId "305243"]
[WhiteElo "2268"]
[BlackElo "2370"]
[PlyCount "0"]
[EventDate "2023.08.26"]

1. e4 {[%clk 01:30:51]} {[%emt 00:00:08]} c5 {[%clk 01:30:55]} {[%emt
00:00:05]} 2. Nf3 {[%clk 01:31:14]} {[%emt 00:00:07]} Nc6 {[%clk 01:31:20]}
{[%emt 00:00:05]} 3. Bb5 {[%clk 01:31:21]} {[%emt 00:00:23]} g6 {[%clk
01:31:41]} {[%emt 00:00:08]} 4. O-O {[%clk 01:31:38]} {[%emt 00:00:13]} Bg7
{[%clk 01:32:06]} {[%emt 00:00:05]} 5. c3 {[%clk 01:31:51]} {[%emt 00:00:17]}
Nf6 {[%clk 01:32:29]} {[%emt 00:00:08]} 6. Re1 {[%clk 01:31:01]} {[%emt
00:01:19]} O-O {[%clk 01:32:52]} {[%emt 00:00:06]} 7. d4 {[%clk 01:29:31]}
{[%emt 00:02:01]} d5 {[%clk 01:32:45]} {[%emt 00:00:38]} 8. e5 {[%clk
01:29:34]} {[%emt 00:00:27]} Ne4 {[%clk 01:32:49]} {[%emt 00:00:26]} 9. Bxc6
{[%clk 01:28:45]} {[%emt 00:01:20]} bxc6 {[%clk 01:33:13]} {[%emt 00:00:06]} 10.
Be3 {[%clk 01:28:30]} {[%emt 00:00:45]} Qb6 {[%clk 01:31:47]} {[%emt 00:01:56]}
11. Qc1 {[%clk 01:28:38]} {[%emt 00:00:22]} c4 {[%clk 01:31:52]} {[%emt
00:00:25]} 12. Nbd2 {[%clk 01:26:55]} {[%emt 00:02:13]} Nxd2 {[%clk 01:29:18]}
{[%emt 00:03:04]} 13. Nxd2 {[%clk 01:26:54]} {[%emt 00:00:31]} f6 {[%clk
01:22:24]} {[%emt 00:07:25]} 14. f4 {[%clk 01:07:34]} {[%emt 00:19:50]} Bf5
{[%clk 01:22:37]} {[%emt 00:00:17]} 15. b3 {[%clk 01:06:42]} {[%emt 00:01:22]}
Qa6 {[%clk 01:22:49]} {[%emt 00:00:18]} 16. a4 {[%clk 00:58:24]} {[%emt
00:08:48]} Rfb8 {[%clk 01:21:42]} {[%emt 00:01:37]} 17. bxc4 {[%clk 00:57:19]}
{[%emt 00:01:36]} dxc4 {[%clk 01:21:59]} {[%emt 00:00:13]} 18. Qa3 {[%clk
00:57:23]} {[%emt 00:00:26]} Bf8 {[%clk 01:21:55]} 1/2-1/2

[Event "POHÁR města Říčany 2023"]
[Site "Městské kulturní středisko U labutě"]
[Date "2023.09.02"]
[Round "9.3"]
[White "Smolik, Jachym"]
[Black "Vojta, Jakub"]
[Result "1/2-1/2"]
[WhiteFideId "23701641"]
[BlackFideId "382515"]
[WhiteElo "2340"]
[BlackElo "2288"]
[PlyCount "0"]
[EventDate "2023.08.26"]

1. d4 {[%clk 01:30:59]} d5 {[%clk 01:30:01]} {[%emt 00:01:00]} 2. c4 {[%clk
01:31:14]} {[%emt 00:00:15]} dxc4 {[%clk 01:30:21]} {[%emt 00:00:10]} 3. Nf3
{[%clk 01:31:32]} {[%emt 00:00:11]} Nf6 {[%clk 01:30:48]} {[%emt 00:00:02]} 4.
e3 {[%clk 01:31:57]} {[%emt 00:00:06]} e6 {[%clk 01:31:16]} {[%emt 00:00:03]} 5.
Bxc4 {[%clk 01:32:22]} {[%emt 00:00:05]} c5 {[%clk 01:31:42]} {[%emt 00:00:03]}
6. O-O {[%clk 01:32:43]} {[%emt 00:00:09]} a6 {[%clk 01:32:11]} {[%emt
00:00:02]} 7. Qe2 {[%clk 01:32:51]} {[%emt 00:00:22]} Be7 {[%clk 01:29:18]}
{[%emt 00:03:23]} 8. Rd1 {[%clk 01:30:41]} {[%emt 00:02:40]} cxd4 {[%clk
01:29:18]} {[%emt 00:00:31]} 9. exd4 {[%clk 01:24:27]} {[%emt 00:06:44]} b5
{[%clk 01:27:43]} {[%emt 00:02:05]} 10. Bb3 {[%clk 01:23:06]} {[%emt 00:01:50]}
O-O {[%clk 01:27:12]} {[%emt 00:01:00]} 11. Ne5 {[%clk 01:22:06]} {[%emt
00:01:32]} Bb7 {[%clk 01:22:52]} {[%emt 00:04:50]} 12. Nc3 {[%clk 01:16:10]}
{[%emt 00:06:26]} Nd5 {[%clk 00:58:23]} {[%emt 00:24:58]} 13. Re1 {[%clk
01:13:14]} {[%emt 00:03:25]} Nxc3 {[%clk 00:56:55]} {[%emt 00:01:59]} 14. bxc3
{[%clk 01:13:42]} {[%emt 00:00:02]} Bd5 {[%clk 00:57:15]} {[%emt 00:00:10]} 15.
Bc2 {[%clk 01:13:34]} {[%emt 00:00:39]} Nd7 {[%clk 00:56:46]} {[%emt 00:00:59]}
1/2-1/2

[Event "POHÁR města Říčany 2023"]
[Site "Městské kulturní středisko U labutě"]
[Date "2023.09.02"]
[Round "9.4"]
[White "Bezdek, Tomas"]
[Black "Walek, Petr"]
[Result "0-1"]
[WhiteFideId "23733551"]
[BlackFideId "339393"]
[WhiteElo "2136"]
[BlackElo "2219"]
[PlyCount "0"]
[EventDate "2023.08.26"]

1. d4 {[%clk 01:30:57]} {[%emt 00:00:02]} Nf6 {[%clk 01:30:44]} {[%emt
00:00:16]} 2. Nc3 {[%clk 01:30:48]} {[%emt 00:00:38]} d5 {[%clk 01:31:09]}
{[%emt 00:00:06]} 3. Bf4 {[%clk 01:31:14]} {[%emt 00:00:04]} a6 {[%clk
01:27:57]} {[%emt 00:03:43]} 4. e3 {[%clk 01:30:58]} {[%emt 00:00:46]} e6
{[%clk 01:28:02]} {[%emt 00:00:25]} 5. Nf3 {[%clk 01:30:07]} {[%emt 00:01:20]}
c5 {[%clk 01:26:44]} {[%emt 00:01:49]} 6. Be2 {[%clk 01:23:44]} {[%emt
00:06:53]} b5 {[%clk 01:25:59]} {[%emt 00:01:15]} 7. O-O {[%clk 01:21:56]}
{[%emt 00:02:17]} Bb7 {[%clk 01:22:27]} {[%emt 00:04:02]} 8. Nb1 {[%clk
01:17:00]} {[%emt 00:05:26]} Nbd7 {[%clk 01:07:48]} {[%emt 00:15:09]} 9. Nbd2
{[%clk 01:16:10]} {[%emt 00:01:19]} Be7 {[%clk 01:00:27]} {[%emt 00:07:52]} 10.
Ne5 {[%clk 01:10:20]} {[%emt 00:06:20]} Nxe5 {[%clk 00:59:35]} {[%emt
00:01:23]} 11. Bxe5 {[%clk 01:09:42]} {[%emt 00:01:07]} O-O {[%clk 00:55:59]}
{[%emt 00:04:07]} 12. c3 {[%clk 00:58:31]} {[%emt 00:11:41]} Rc8 {[%emt
00:21:27]} 13. a3 {[%emt 00:08:24]} c4 {[%clk 00:35:28]} {[%emt 00:00:47]} 14.
Bxf6 {[%clk 00:49:15]} {[%emt 00:01:08]} Bxf6 {[%clk 00:30:07]} {[%emt
00:05:51]} 15. f4 {[%clk 00:30:31]} {[%emt 00:00:57]} Be7 16. Qe1 {[%emt
00:24:02]} Bc6 {[%emt 00:03:52]} 17. Nf3 {[%clk 00:24:41]} {[%emt 00:02:22]} a5
18. Ne5 {[%emt 00:05:32]} Be8 {[%emt 00:01:09]} 19. Bg4 {[%emt 00:06:57]} f5
{[%clk 00:15:37]} {[%emt 00:00:06]} 20. Bf3 {[%clk 00:20:48]} {[%emt 00:03:30]}
Bh4 {[%clk 00:11:00]} {[%emt 00:05:07]} 21. g3 {[%clk 00:19:05]} {[%emt
00:02:14]} Bf6 {[%clk 00:11:26]} {[%emt 00:00:04]} 22. g4 {[%clk 00:16:53]}
Bxe5 {[%clk 00:11:03]} {[%emt 00:03:35]} 23. dxe5 {[%clk 00:15:31]} {[%emt
00:01:52]} fxg4 {[%clk 00:08:14]} {[%emt 00:03:19]} 24. Bxg4 {[%clk 00:15:39]}
{[%emt 00:00:21]} Qe7 {[%clk 00:08:02]} {[%emt 00:00:42]} 25. Qg3 {[%clk
00:10:58]} {[%emt 00:05:10]} Bg6 {[%clk 00:07:19]} {[%emt 00:01:14]} 26. Rf2
{[%clk 00:09:58]} {[%emt 00:01:30]} Kh8 {[%clk 00:06:45]} {[%emt 00:01:05]} 27.
Qh3 {[%clk 00:07:58]} {[%emt 00:02:30]} Bf5 {[%clk 00:03:40]} {[%emt 00:03:35]}
28. Rg2 {[%clk 00:08:18]} {[%emt 00:00:10]} Rb8 {[%clk 00:03:28]} {[%emt
00:00:43]} 29. Rd1 {[%clk 00:07:01]} {[%emt 00:01:46]} Be4 {[%clk 00:01:22]}
{[%emt 00:02:36]} 30. Rg3 {[%clk 00:05:57]} {[%emt 00:01:34]} Rb6 {[%clk
00:01:37]} {[%emt 00:00:15]} 31. Bf3 {[%clk 00:03:56]} {[%emt 00:02:30]} Bf5
{[%clk 00:01:01]} {[%emt 00:01:06]} 32. Bg4 {[%clk 00:02:53]} {[%emt 00:01:33]}
b4 {[%clk 00:00:46]} {[%emt 00:00:46]} 33. Bxf5 {[%clk 00:01:34]} {[%emt
00:01:49]} Rxf5 {[%clk 00:01:01]} {[%emt 00:00:15]} 34. axb4 {[%clk 00:01:03]}
{[%emt 00:01:01]} axb4 {[%clk 00:01:28]} {[%emt 00:00:03]} 35. Rxd5 {[%clk
00:01:09]} {[%emt 00:00:25]} bxc3 {[%clk 00:01:22]} {[%emt 00:00:35]} 36. Qg4
{[%clk 00:00:46]} {[%emt 00:00:53]} Rf8 {[%clk 00:01:09]} {[%emt 00:00:43]} 37.
Rd6 {[%clk 00:00:51]} {[%emt 00:00:25]} c2 {[%clk 00:01:05]} {[%emt 00:00:34]}
38. Rxb6 {[%clk 00:01:04]} {[%emt 00:00:17]} c1=Q+ {[%clk 00:01:30]} {[%emt
00:00:05]} 39. Kg2 {[%clk 00:01:02]} {[%emt 00:00:31]} Qc2+ {[%clk 00:01:31]}
{[%emt 00:00:29]} 0-1

[Event "POHÁR města Říčany 2023"]
[Site "Městské kulturní středisko U labutě"]
[Date "2023.09.02"]
[Round "9.5"]
[White "Seidl, Jan"]
[Black "Pisar, Tomas"]
[Result "1-0"]
[WhiteFideId "23714522"]
[BlackFideId "23701501"]
[WhiteElo "2163"]
[BlackElo "1861"]
[PlyCount "0"]
[EventDate "2023.08.26"]

1. d4 {[%clk 01:29:36]} {[%emt 00:01:23]} Nf6 {[%clk 01:30:48]} {[%emt
00:00:12]} 2. c4 {[%clk 01:29:57]} {[%emt 00:00:10]} g6 {[%clk 01:31:08]}
{[%emt 00:00:09]} 3. Nc3 {[%clk 01:30:08]} {[%emt 00:00:20]} d5 {[%clk
01:31:31]} {[%emt 00:00:07]} 4. e3 {[%clk 01:30:30]} {[%emt 00:00:07]} Bg7
{[%clk 01:31:56]} {[%emt 00:00:05]} 5. cxd5 {[%clk 01:30:56]} {[%emt 00:00:04]}
Nxd5 {[%clk 01:32:17]} {[%emt 00:00:08]} 6. Nxd5 {[%clk 01:31:23]} {[%emt
00:00:04]} Qxd5 {[%clk 01:32:38]} {[%emt 00:00:09]} 7. Ne2 {[%clk 01:31:47]}
{[%emt 00:00:06]} O-O {[%clk 01:31:09]} {[%emt 00:01:58]} 8. Nc3 {[%clk
01:32:14]} {[%emt 00:00:03]} Qd8 {[%clk 01:31:02]} {[%emt 00:00:37]} 9. Be2
{[%clk 01:31:05]} {[%emt 00:01:39]} c5 {[%clk 01:29:50]} {[%emt 00:01:42]} 10.
d5 {[%clk 01:30:52]} {[%emt 00:00:43]} Nd7 {[%clk 01:24:11]} {[%emt 00:06:09]}
11. e4 {[%clk 01:25:48]} {[%emt 00:05:34]} f5 {[%clk 01:17:46]} {[%emt
00:06:56]} 12. O-O {[%clk 01:13:07]} {[%emt 00:13:11]} Bxc3 {[%clk 01:12:10]}
{[%emt 00:06:06]} 13. bxc3 {[%clk 01:13:33]} {[%emt 00:00:04]} Nf6 {[%clk
01:12:30]} {[%emt 00:00:10]} 14. exf5 {[%clk 01:11:07]} {[%emt 00:02:56]} Bxf5
{[%clk 01:12:21]} {[%emt 00:00:40]} 15. c4 {[%clk 01:10:00]} {[%emt 00:01:37]}
Qb6 {[%clk 01:04:38]} {[%emt 00:08:14]} 16. Bh6 {[%clk 01:04:04]} {[%emt
00:06:25]} Rf7 {[%clk 01:04:25]} {[%emt 00:00:43]} 17. Bd3 {[%clk 00:57:06]}
{[%emt 00:07:28]} Ne4 {[%clk 00:58:27]} {[%emt 00:06:28]} 18. Qe2 {[%clk
00:39:22]} {[%emt 00:18:14]} Nd6 {[%clk 00:57:45]} {[%emt 00:01:12]} 19. Bxf5
{[%clk 00:39:16]} {[%emt 00:00:37]} Nxf5 {[%clk 00:58:09]} {[%emt 00:00:05]} 20.
Bd2 {[%clk 00:39:38]} {[%emt 00:00:07]} Raf8 {[%clk 00:53:59]} {[%emt
00:04:41]} 21. Bc3 {[%clk 00:36:10]} {[%emt 00:03:58]} Qd6 {[%clk 00:50:16]}
{[%emt 00:04:13]} 22. Rad1 {[%clk 00:31:09]} {[%emt 00:05:31]} Ng7 {[%clk
00:48:43]} {[%emt 00:02:03]} 23. Be5 {[%clk 00:31:02]} {[%emt 00:00:37]} Qd7
{[%clk 00:46:38]} {[%emt 00:02:35]} 24. Bc3 {[%clk 00:29:52]} {[%emt 00:01:38]}
Qd6 {[%clk 00:45:15]} {[%emt 00:01:54]} 25. Rd3 {[%clk 00:29:56]} {[%emt
00:00:26]} Nh5 {[%clk 00:43:17]} {[%emt 00:02:27]} 26. g3 {[%clk 00:29:30]}
{[%emt 00:00:56]} Ng7 {[%clk 00:40:44]} {[%emt 00:03:03]} 27. Re3 {[%clk
00:29:25]} {[%emt 00:00:35]} a6 {[%clk 00:37:29]} {[%emt 00:03:46]} 28. f4
{[%clk 00:25:52]} {[%emt 00:04:03]} b5 {[%clk 00:33:47]} {[%emt 00:04:12]} 29.
Rd1 {[%clk 00:25:30]} {[%emt 00:00:51]} bxc4 {[%clk 00:33:59]} {[%emt
00:00:19]} 30. Re6 {[%clk 00:23:56]} {[%emt 00:02:03]} Qd7 {[%clk 00:31:28]}
{[%emt 00:03:02]} 31. Rxa6 {[%clk 00:23:24]} {[%emt 00:01:02]} g5 {[%clk
00:31:39]} {[%emt 00:00:18]} 32. Be5 {[%clk 00:20:27]} {[%emt 00:03:27]} Qh3
{[%clk 00:24:15]} {[%emt 00:07:54]} 33. Rf1 {[%clk 00:12:56]} {[%emt 00:08:01]}
Nh5 {[%clk 00:20:54]} {[%emt 00:03:51]} 34. Rf3 {[%clk 00:12:51]} {[%emt
00:00:35]} Qg4 {[%clk 00:15:34]} {[%emt 00:05:51]} 35. Kh1 {[%clk 00:05:58]}
{[%emt 00:07:22]} c3 {[%clk 00:07:27]} {[%emt 00:08:37]} 36. Bxc3 {[%clk
00:04:46]} {[%emt 00:01:43]} gxf4 {[%clk 00:07:45]} {[%emt 00:00:11]} 37. Ra4
{[%clk 00:04:18]} {[%emt 00:00:58]} Qd7 {[%clk 00:06:51]} {[%emt 00:01:25]} 38.
Qe5 {[%clk 00:03:35]} {[%emt 00:01:13]} Ng7 {[%clk 00:07:17]} {[%emt 00:00:04]}
39. Raxf4 {[%clk 00:03:47]} {[%emt 00:00:18]} Rf6 {[%clk 00:06:22]} {[%emt
00:01:26]} 40. d6 {[%clk 00:02:08]} {[%emt 00:02:09]} Ne6 {[%clk 00:05:36]}
{[%emt 00:01:16]} 41. dxe7 {[%clk 00:01:47]} {[%emt 00:00:52]} Qd1+ {[%clk
00:05:58]} {[%emt 00:00:07]} 42. Rf1 {[%clk 00:01:47]} {[%emt 00:00:30]} Qxf1+
{[%clk 00:05:52]} {[%emt 00:00:36]} 43. Rxf1 {[%clk 00:02:15]} {[%emt
00:00:02]} Rxf1+ {[%clk 00:06:15]} {[%emt 00:00:06]} 44. Kg2 {[%clk 00:02:42]}
{[%emt 00:00:03]} 1-0